|
|
|
|
| LEADER |
00853nab a2200193 i 4500 |
| 001 |
misc27426 |
| 005 |
20191106140414.0 |
| 008 |
170802s2016 hu o 0|| zxx d |
| 022 |
|
|
|a 0025-0260
|
| 024 |
7 |
|
|a 10.17670/MPed.2016.4.427
|2 doi
|
| 040 |
|
|
|a SZTE Miscellanea Repozitórium
|b hun
|
| 041 |
|
|
|a zxx
|
| 100 |
1 |
|
|a Molnár Gyöngyvér
|
| 245 |
1 |
0 |
|a Interaktív problémamegoldó környezetben alkalmazott felfedező stratégiák hatékonysága és azok változása
|h [elektronikus dokumentum] :
|b logfájl-elemzések /
|c Molnár Gyöngyvér
|
| 260 |
|
|
|c 2016
|
| 300 |
|
|
|a 427-453
|
| 490 |
0 |
|
|a Magyar pedagógia : a Magyar Tudományos Akadémia Pedagógiai Bizottságának folyóirata
|v 116 No. 4
|
| 695 |
|
|
|a Oktatástechnológia - tanulmány, Pedagógia - digitális
|
| 856 |
4 |
0 |
|u http://misc.bibl.u-szeged.hu/27426/1/mp_2016_004_427-453.pdf
|z Dokumentum-elérés
|